000 00448nam a2200169Ia 4500
008 090123s9999 xx 000 0 und d
082 _b27007
_a891.463/कोटक
100 _aकोटक व.जु.
245 _aकठपुतली
250 _a1
300 _a218
600 _aकोटक व.जु.
630 _aकठपुतली
700 _aकोटक व.जु.
730 _aकठपुतली
942 _cBOOK
999 _c65156
_d65156